LEADER 01138nam a2200229 i 4500 001 000000023436 003 CaOOAMICUS 005 20180830125446.0 008 180830s1927 it u000 u ita u 040 $aSeMil$bita 245 10$aOpere :$btradotte in italiano a cura dell'Ordine dei Carmelitani Scalzi /$cSan Giovanni della Croce , Dottore della Chiesa. 260 $aMilano :$bS. Lega Eucaristica,$c1927-1929. 300 $a3 v. ;$c19 cm. 650 4$aGiovanni : della Croce - Opere.$0(OLS)http://semarc/subject/1199 700 0 $aJuan : de la Cruz,$c.$0(OLS)http://semarc/name/3819 774 0 $tSalita del Monte Carmelo.$gVolume1$w()190547 774 0 $tNotte oscura. Cantico spirituale.$gVolume2$w()190548 774 0 $tViva Fiamma d'Amore. Cautele. Avvisi e massime spirituali. Lettere spirituali. Poesie.$gVolume3$w()190549 900 0 $aGiovanni : della Croce. 996 $6245$aOpere :$btradotte in italiano a cura dell'Ordine dei Carmelitani Scalzi$9(OLS)http://semarc/title/31415 996 $6260$aMilano :$bS. Lega Eucaristica$9(OLS)http://semarc/publisher/33613